Derivas de un performance político : emergencia y fuerza de los movimientos 131 y YoSoy132 (Record no. 171761)

MARC details
000 -CABECERA
campo de control de longitud fija 01599nab a2200277 a 4500
005 - FECHA Y HORA DE LA ÚLTIMA TRANSACCIÓN
campo de control 20210219162208.0
008 - ELEMENTOS DE LONGITUD FIJA--INFORMACIÓN GENERAL
campo de control de longitud fija 991125s1985 mx 000 0 spa u
035 ## - NÚMERO DE CONTROL DEL SISTEMA
Número de control de sistema UPN01000199660
049 ## - COLECCIÓN
Colección ART
100 1# - ASIENTO PRINCIPAL--NOMBRE PERSONAL
Nombre de persona Arteaga Botello, Nelson
100 1# - ASIENTO PRINCIPAL--NOMBRE PERSONAL
Filiación nelson.arteaga@flacso.edu.mx
100 1# - ASIENTO PRINCIPAL--NOMBRE PERSONAL
Nombre de persona Arzuaga Magnoni, Javier
100 1# - ASIENTO PRINCIPAL--NOMBRE PERSONAL
Filiación arzuaga.javier@gmail.com
222 ## - TÍTULO CLAVE
Título clave REVISTA MEXICANA DE SOCIOLOGIA
245 ## - MENCIÓN DE TÍTULO
Título Derivas de un performance político : emergencia y fuerza de los movimientos 131 y YoSoy132
300 ## - DESCRIPCIÓN FÍSICA
Extensión 115-144
362 0# - FECHAS DE PUBLICACIÓN Y/O DESIGNACIÓN SECUENCIAL
Fecha de publicación y/o designación secuencial 2014 Año 76, no. 1, ene.-mar.
520 ## - NOTA DE RESUMEN, ETC.
Sumario, etc. En este artículo se examina cómo un performance político deviene en un espacio de efervescencia social que alimenta la conformación de distintos discursos binarios en una contienda electoral, y cómo esto abre las puertas al cambio político. Se pretende establecer con ello la fuerza de un evento en la estructura y la jerarquía política, es decir, la influencia que una situación performativa puede alcanzaren una escala social más amplia. Se aborda el caso concreto de los movimientos estudiantiles universitarios denominados 131 y YoSoy132. El texto muestra cómo los performances políticos pueden dar pie a la conformación de iconos y referentes de cambio social.
653 0# - TERMINO DE INDIZACION - NO CONTROLADO
Término no controlado PERFORMANCE POLITICO
653 0# - TERMINO DE INDIZACION - NO CONTROLADO
Término no controlado MOVIMIENTOS ESTUDIANTILES
653 0# - TERMINO DE INDIZACION - NO CONTROLADO
Término no controlado EDUCACION SUPERIOR
653 0# - TERMINO DE INDIZACION - NO CONTROLADO
Término no controlado CAMPAÑA POLITICA
856 4# - LOCALIZACIÓN Y ACCESO ELECTRÓNICOS
Identificador Uniforme del Recurso <a href="http://www.redalyc.org/articulo.oa?id=32129681005">http://www.redalyc.org/articulo.oa?id=32129681005</a>
856 4# - LOCALIZACIÓN Y ACCESO ELECTRÓNICOS
Identificador Uniforme del Recurso <a href="http://www.revistas.unam.mx/index.php/rms/article/view/43677/39588">http://www.revistas.unam.mx/index.php/rms/article/view/43677/39588</a>
905 ## - TIPO DE MATERIAL
Tipo de material Articulo

No items available.